The nature and properties of soils (Record no. 14330)

MARC details
000 -LEADER
fixed length control field 00665 a2200265 4500
001 - CONTROL NUMBER
control field 151176
003 - CONTROL NUMBER IDENTIFIER
control field OSt
005 - DATE AND TIME OF LATEST TRANSACTION
control field 20251204132746.0
008 - FIXED-LENGTH DATA ELEMENTS--GENERAL INFORMATION
fixed length control field
020 ## - INTERNATIONAL STANDARD BOOK NUMBER
International Standard Book Number 9789332519107
082 ## - DEWEY DECIMAL CLASSIFICATION NUMBER
Classification number 631.4
Item number B72N
100 1# - MAIN ENTRY--PERSONAL NAME
Personal name Brady, Nyle C.
245 1# - TITLE STATEMENT
Title The nature and properties of soils
Statement of responsibility, etc by Nyle C. Brady and Ray R. Weil
250 ## - EDITION STATEMENT
Edition statement 14th ed.
260 ## - PUBLICATION, DISTRIBUTION, ETC. (IMPRINT)
Place of publication, distribution, etc New Delhi
Name of publisher, distributor, etc Pearson
Date of publication, distribution, etc 2014, 2017
300 ## - PHYSICAL DESCRIPTION
Extent 1046p.
546 ## - LANGUAGE NOTE
Language note English
650 ## - SUBJECT ADDED ENTRY--TOPICAL TERM
Source of heading or term Environment science
650 ## - SUBJECT ADDED ENTRY--TOPICAL TERM
Source of heading or term Soils
653 ## - INDEX TERM--UNCONTROLLED
Uncontrolled term Environmental Science
653 ## - INDEX TERM--UNCONTROLLED
Uncontrolled term Soils
653 ## - INDEX TERM--UNCONTROLLED
Uncontrolled term Soil science
700 ## - ADDED ENTRY--PERSONAL NAME
Personal name Weil, Ray R.
942 ## - ADDED ENTRY ELEMENTS (KOHA)
Source of classification or shelving scheme Dewey Decimal Classification
Koha item type Books
Holdings
Withdrawn status Lost status Source of classification or shelving scheme Damaged status Not for loan Collection code Home library Current library Department Date acquired Source of acquisition Cost, normal purchase price Inventory number(Invoice/Date) Full call number Barcode Checked out Date last seen Price effective from Koha item type Total Checkouts Date checked out
    Dewey Decimal Classification     General Text Book Central University Of Rajasthan Central University Of Rajasthan Environmental Science 31/07/2018 Technical bureau 1139.00 TB7553/1-6-18 631.4 B72N 31166 31/12/2018 02/09/2020 02/09/2020 Books    
    Dewey Decimal Classification     General Text Book Central University Of Rajasthan Central University Of Rajasthan Environmental Science 11/09/2015 pranay books 1095.00 255/31-3-15 631.4 B72N 25005   21/11/2024 02/09/2020 Books 1 03/02/2023
    Dewey Decimal Classification     General Text Book Central University Of Rajasthan Central University Of Rajasthan Environmental Science 11/09/2015 pranay books 1095.00 255/31-3-15 631.4 B72N 25006   17/10/2025 02/09/2020 Books 1 29/08/2025
    Dewey Decimal Classification     General Text Book Central University Of Rajasthan Central University Of Rajasthan Environmental Science 11/09/2015 pranay books 1095.00 255/31-3-15 631.4 B72N 25004   21/11/2024 02/09/2020 Books